Numbers in Television Quiz Stats

 Plays Quiz Updated Jun 25, 2015

Also try: 5-Star TV Shows
Challenge
Share
Tweet
Embed
Score 0/40 Timer 06:00
3 Plays Today
% Correct
70
92.6%
90210
92.4%
One
91.2%
Three
91.1%
21
90.8%
Three
90.7%
16
90.6%
66
90.5%
Five
89.7%
16
89.6%
Three
89.4%
Six
89.1%
One
88.9%
2
84.6%
911
84%
Six Million
83.8%
7
82.6%
911
81.9%
Five
81.7%
Nine
81.4%
% Correct
8
80.5%
48
80.4%
10
76.1%
800
75.5%
100
75.4%
8
72.9%
64,000
71.7%
10
71.3%
60
70.9%
54
70%
10
69.5%
700
69.1%
3000
66.8%
25,000
66.6%
222
59.7%
7
58.1%
12
56.2%
23
55.4%
60
52.6%
77
51.8%

You're not logged in!

Compare scores with friends on all Sporcle quizzes.
Join for Free
OR
Log In

You Might Also Like...

Show Comments

Extras

Top Quizzes Today


Score Distribution

Your Account Isn't Verified!

In order to create a playlist on Sporcle, you need to verify the email address you used during registration. Go to your Sporcle Settings to finish the process.

Report this User

Report this user for behavior that violates our Community Guidelines.

Details: